|
|
|
|
| LEADER |
00000nam a2200000 i 4500 |
| 001 |
1/74881 |
| 008 |
960516s1990 gre d |
| 035 |
|
|
|a 1991
|b 1
|c Δωρεά
|l 10031969
|
| 040 |
|
|
|a GR-MY-UA
|b gre
|e aacr
|
| 041 |
0 |
|
|a gre
|
| 082 |
0 |
|
|a 371.953
|
| 100 |
1 |
|
|a Μπίρτσας, Χρήστος Π.
|
| 245 |
1 |
0 |
|a Διδακτικά προγράμματα :
|b για παιδιά με "ειδικές" εκπαιδευτικές ανάγκες /
|c Χρήστου Π. Μπίρτσα
|
| 250 |
|
|
|a 2η εκδ.
|
| 260 |
|
|
|a Αθήνα :
|b [χ.ό.],
|c 1990
|
| 300 |
|
|
|a 252 σ.
|
| 650 |
0 |
0 |
|a Children with disabilities
|x Education
|z Greece
|x Curricula.
|
| 650 |
0 |
0 |
|a Children with mental disabilities
|x Education
|z Greece
|x Curricula.
|
| 650 |
0 |
0 |
|a Problem children
|x Education
|z Greece
|x Curricula.
|
| 852 |
|
|
|a INST
|b RHODES
|e 19960516
|h 371.953 ΜΠΙ
|p 005400003480
|q 005400003480
|t BK
|y 0
|
| 852 |
|
|
|a INST
|b RHODES
|e 19960516
|h 371.953 ΜΠΙ
|p 005400003491
|q 005400003491
|t BK
|y 0
|
| 909 |
|
|
|a Ρ
|b 017548
|c 1991
|
| 909 |
|
|
|a Ρ
|b 017549
|c 1991
|